[Event "Malmo op"]
[Site "Malmo"]
[Date "2022.12.17"]
[Round "6"]
[White "Kardoeus, David"]
[Black "Skytte, Rasmus"]
[Result "1/2-1/2"]
[WhiteElo "2118"]
[BlackElo "2347"]
[PlyCount "42"]
[EventDate "2022.12.16"]
[EventType "swiss"]
[EventRounds "8"]
[EventCountry "SWE"]
[SourceTitle "CBM 211 Extra"]
[Source "ChessBase"]
[SourceDate "2023.01.31"]
[SourceVersion "1"]
[SourceVersionDate "2023.01.31"]
[SourceQuality "1"]

1. d4 d5 2. c4 e6 3. Nc3 c5 4. e3 Nf6 5. Nf3 Nc6 6. a3 cxd4 7. exd4 Be7 8. Bd3 dxc4 9. Bxc4 0-0 10. 0-0 Nd5 11. Bxd5 exd5 12. Qb3 Bg4 13. Qxb7 Rc8 14. Ne5 Nxe5 15. dxe5 d4 16. Nd5 Bc5 17. b4 Rb8 18. Qc6 Rc8 19. Qb7 Rb8 20. Qc6 Rc8 21. Qb7 Rb8 1/2-1/2

[Event "Heusenstamm Schloss op"]
[Site "Heusenstamm"]
[Date "2022.11.20"]
[Round "6"]
[White "Swoboda, Philipp"]
[Black "Kardoeus, David"]
[Result "1-0"]
[WhiteElo "2002"]
[BlackElo "2167"]
[PlyCount "107"]
[EventDate "2022.11.17"]
[EventType "swiss"]
[EventRounds "7"]
[EventCountry "GER"]
[SourceTitle "CBM 212 Extra"]
[Source "ChessBase"]
[SourceDate "2023.03.31"]
[SourceVersion "1"]
[SourceVersionDate "2023.03.31"]
[SourceQuality "1"]

1. d4 Nf6 2. c4 g6 3. Nc3 Bg7 4. e4 d6 5. f3 0-0 6. Be3 c5 7. Nge2 Nc6 8. d5 Ne5 9. Ng3 h5 10. Be2 h4 11. Nf1 a6 12. a4 e6 13. Nd2 exd5 14. cxd5 h3 15. g4 Nh7 16. Qc2 Bf6 17. 0-0-0 b5 18. Rhg1 c4 19. f4 Nd3+ 20. Bxd3 cxd3 21. Qxd3 b4 22. Ne2 Bxg4 23. Kb1 Bd7 24. b3 Qe7 25. Rc1 Rfe8 26. Nd4 Bg7 27. Rc7 Nf6 28. Nc6 Qf8 29. f5 Bxc6 30. dxc6 Re7 31. Rxe7 Qxe7 32. fxg6 fxg6 33. Rxg6 Kf7 34. Rg3 Rh8 35. Qc4+ d5 36. exd5 Qd6 37. c7 Rc8 38. Qd3 Qxc7 39. Nf3 Kf8 40. Ng5 Ke7 41. Ne6 Qxg3 42. hxg3 h2 43. Qf1 Rh8 44. Bc5+ Kf7 45. Ng5+ Kg6 46. Nh3 Ne4 47. Qg2 Nxc5 48. Qxh2 Ne4 49. Qc2 Kf5 50. Nf2 Re8 51. d6 Re5 52. d7 Bf6 53. g4+ Kf4 54. Nd3+ 1-0

[Event "Maia op 6th"]
[Site "Maia"]
[Date "2022.08.30"]
[Round "6"]
[White "Kardoeus, David"]
[Black "Grigorian, Spartak"]
[Result "1/2-1/2"]
[WhiteElo "2162"]
[BlackElo "2469"]
[PlyCount "134"]
[EventDate "2022.08.26"]
[EventType "swiss"]
[EventRounds "9"]
[EventCountry "POR"]
[SourceTitle "CBM 210 Extra"]
[Source "ChessBase"]
[SourceDate "2022.11.30"]
[SourceVersion "1"]
[SourceVersionDate "2022.11.30"]
[SourceQuality "1"]

1. d4 d5 2. Nc3 Nf6 3. Bf4 a6 4. e3 Bf5 5. f3 e6 6. g4 Bg6 7. h4 h6 8. Bd3 Bxd3 9. Qxd3 c5 10. 0-0-0 Nc6 11. Nge2 c4 12. Qd2 b5 13. g5 Nh5 14. e4 b4 15. Na4 c3 16. Qe3 cxb2+ 17. Kb1 Na5 18. exd5 Nc4 19. Qb3 Qxd5 20. Rhe1 Rc8 21. Nc5 Bxc5 22. dxc5 Qxc5 23. Qa4+ Qc6 24. Qxc6+ Rxc6 25. gxh6 gxh6 26. Nd4 Rc5 27. Bd6 Nxd6 28. Nxe6 fxe6 29. Rxe6+ Kf7 30. Rdxd6 a5 31. Ra6 Rg8 32. Reb6 Re8 33. Rxh6 Re7 34. Kxb2 Rec7 35. Kb1 Ng7 36. Rhf6+ Ke7 37. Rg6 Nf5 38. Rg5 Re5 39. h5 Re1+ 40. Kb2 Nd6 41. Rg7+ Nf7 42. Rxa5 Re2 43. Rf5 Ke6 44. Rf4 Rcxc2+ 45. Kb3 Ne5 46. Re4 Rb2+ 47. Ka4 Rxa2+ 48. Kxb4 Reb2+ 49. Kc3 Rc2+ 50. Kb3 Rab2+ 51. Ka3 Kf6 52. Rc7 Ra2+ 53. Kb3 Rcb2+ 54. Kc3 Rf2 55. Kb3 Rab2+ 56. Ka3 Ra2+ 57. Kb3 Rab2+ 58. Ka3 Rb6 59. Re3 Rf1 60. Ka2 Rf2+ 61. Ka3 Nc6 62. h6 Rf1 63. Rb3 Ra6+ 64. Kb2 Rf2+ 65. Kb1 Rf1+ 66. Kb2 Rf2+ 67. Kb1 Rf1+ 1/2-1/2

[Event "BL2-Nord 2122"]
[Site "Germany"]
[Date "2022.06.18"]
[Round "7.7"]
[White "Kardoeus, David"]
[Black "Guth, Thomas"]
[Result "1-0"]
[WhiteElo "2142"]
[BlackElo "2257"]
[PlyCount "85"]
[EventDate "2022.03.05"]
[EventType "team-tourn"]
[EventRounds "10"]
[EventCountry "GER"]
[SourceTitle "EXT 2023"]
[Source "ChessBase"]
[SourceDate "2022.10.05"]
[SourceVersion "1"]
[SourceVersionDate "2022.10.05"]
[SourceQuality "1"]
[WhiteTeam "Werder Bremen II"]
[BlackTeam "Berlin Rotation"]
[WhiteTeamCountry "GER"]
[BlackTeamCountry "GER"]

1. d4 e6 2. c4 Nf6 3. Nf3 c5 4. d5 exd5 5. cxd5 d6 6. Nc3 g6 7. e4 Bg7 8. Nd2 Nbd7 9. h3 0-0 10. Be2 Re8 11. 0-0 a6 12. a4 Rb8 13. a5 Qc7 14. Qc2 b5 15. axb6 Nxb6 16. Nc4 Nxc4 17. Bxc4 Rb4 18. Qd3 a5 19. f4 Qb6 20. Re1 Ba6 21. Bxa6 c4+ 22. Qe3 Qxa6 23. e5 Nd7 24. e6 fxe6 25. dxe6 Nc5 26. e7 Qa8 27. f5 Rb3 28. Qf4 Rxc3 29. bxc3 Qd5 30. fxg6 hxg6 31. Bd2 Nd3 32. Qe4 Qf7 33. Re2 d5 34. Qg4 Ne5 35. Qh4 Rxe7 36. Rae1 Bf6 37. Bg5 Kg7 38. Qh6+ Kg8 39. Qh4 Kg7 40. Bxf6+ Qxf6 41. Qd4 Nc6 42. Rxe7+ Nxe7 43. Rxe7+ 1-0

[Event "GER-ch Youth-A"]
[Site "Willingen"]
[Date "2022.06.07"]
[Round "4"]
[White "Brockmeyer, Tobias"]
[Black "Kardoeus, David"]
[Result "0-1"]
[WhiteElo "1936"]
[BlackElo "2142"]
[PlyCount "130"]
[EventDate "2022.06.04"]
[EventType "swiss"]
[EventRounds "9"]
[EventCountry "GER"]
[SourceTitle "CBM 208 Extra"]
[Source "ChessBase"]
[SourceDate "2022.07.31"]
[SourceVersion "1"]
[SourceVersionDate "2022.07.31"]
[SourceQuality "1"]

1. c4 Nf6 2. g3 g6 3. Bg2 Bg7 4. Nc3 0-0 5. Nf3 d6 6. 0-0 c5 7. a3 Nc6 8. Rb1 a5 9. e3 Bd7 10. Qe2 e5 11. d3 Nh5 12. Nd5 f5 13. b4 cxb4 14. axb4 Nxb4 15. Nxb4 axb4 16. Rxb4 Bc6 17. Bd2 Ra2 18. Rfb1 Bxf3 19. Bxf3 e4 20. Bxh5 Bc3 21. Bxc3 Rxe2 22. Bxe2 Qa5 23. R4b3 Qa2 24. Kf1 Qc2 25. dxe4 Ra8 26. Bd4 Ra2 27. R3b2 Qxe4 28. f3 Rxb2 29. Rxb2 Qc6 30. Rb6 Qd7 31. Kf2 g5 32. Rb5 h6 33. c5 d5 34. Rb6 f4 35. Rg6+ Kf8 36. Rf6+ Ke8 37. exf4 Qh3 38. Kg1 gxf4 39. Rxf4 Qe6 40. Kf2 Qc6 41. Bd3 Qa4 42. Bg6+ Kd7 43. Kg2 Qd1 44. Kh3 Qd2 45. Bf7 Kc6 46. Be8+ Kc7 47. Be5+ Kd8 48. Ba4 Ke7 49. Bg7 Qe3 50. Bxh6 Qe6+ 51. g4 Qxh6+ 52. Kg3 Qe6 53. h4 Qe1+ 54. Kh3 Qf1+ 55. Kg3 Qg1+ 56. Kh3 Qxc5 57. g5 b5 58. Bb3 Qe3 59. Kg4 Qxb3 60. g6 Qb1 61. h5 b4 62. Kg5 b3 63. g7 Qh7 64. h6 b2 65. Rb4 b1Q 0-1

[Event "Menorca op 1st"]
[Site "Ciutadella de Menorca"]
[Date "2022.04.21"]
[Round "2"]
[White "Baskin, Robert"]
[Black "Kardoeus, David"]
[Result "1-0"]
[WhiteElo "2393"]
[BlackElo "2144"]
[PlyCount "59"]
[EventDate "2022.04.20"]
[EventType "swiss"]
[EventRounds "7"]
[EventCountry "ESP"]
[SourceTitle "CBM 207 Extra"]
[Source "ChessBase"]
[SourceDate "2022.05.31"]
[SourceVersion "1"]
[SourceVersionDate "2022.05.31"]
[SourceQuality "1"]

1. e4 c6 2. Ne2 e5 3. d4 exd4 4. Qxd4 d5 5. Nbc3 Nf6 6. Bf4 Be6 7. exd5 cxd5 8. Bxb8 Qxb8 9. Nf4 Bd6 10. Nfxd5 Nxd5 11. Bb5+ Kf8 12. Nxd5 Bxd5 13. Qxd5 a6 14. Be2 Qc7 15. 0-0-0 Rd8 16. Kb1 Be7 17. Qe4 g6 18. Rxd8+ Qxd8 19. Qxb7 Qd4 20. Qf3 Kg7 21. Rd1 Qb6 22. Rd7 Rb8 23. Qc3+ Bf6 24. Qb3 Bxb2 25. Qxf7+ Kh6 26. Qxh7+ Kg5 27. f4+ Kxf4 28. Qh4+ Ke5 29. Qg5+ Ke4 30. Bd3# 1-0

[Event "Reinstorf Blitz op"]
[Site "Reinstorf"]
[Date "2022.02.04"]
[Round "5"]
[White "Schneider, Ilja"]
[Black "Kardoeus, David"]
[Result "1-0"]
[WhiteElo "2482"]
[BlackElo "2058"]
[PlyCount "59"]
[EventDate "2022.01.29"]
[EventType "swiss (blitz)"]
[EventRounds "9"]
[EventCountry "GER"]
[SourceTitle "CBM 206 Extra"]
[Source "ChessBase"]
[SourceDate "2022.03.31"]
[SourceVersion "1"]
[SourceVersionDate "2022.03.31"]
[SourceQuality "1"]

1. e4 c6 2. d4 d5 3. exd5 cxd5 4. c4 Nf6 5. Nc3 Nc6 6. Nf3 Be6 7. Qb3 Na5 8. Qb5+ Bd7 9. cxd5 a6 10. Qe2 b5 11. Ne5 Rc8 12. Bg5 h6 13. Bd2 Nb7 14. g3 Nd6 15. Bg2 g6 16. 0-0 Bg7 17. Nc6 Bxc6 18. dxc6 Nc4 19. Bf4 Qxd4 20. Rad1 Qb6 21. b3 Nh5 22. Nd5 Nxf4 23. gxf4 Qc5 24. bxc4 bxc4 25. Bh3 Rxc6 26. Nxe7 Re6 27. Bxe6 fxe6 28. Nxg6 Rh7 29. Qxe6+ Qe7 30. Qxe7# 1-0

[Event "Reinstorf op"]
[Site "Reinstorf"]
[Date "2022.02.01"]
[Round "4"]
[White "Koellner, Ruben Gideon"]
[Black "Kardoeus, David"]
[Result "1-0"]
[WhiteElo "2430"]
[BlackElo "2159"]
[PlyCount "89"]
[EventDate "2022.01.29"]
[EventType "swiss"]
[EventRounds "9"]
[EventCountry "GER"]
[SourceTitle "CBM 206 Extra"]
[Source "ChessBase"]
[SourceDate "2022.03.31"]
[SourceVersion "1"]
[SourceVersionDate "2022.03.31"]
[SourceQuality "1"]

1. d4 d5 2. Bf4 Nf6 3. e3 c5 4. Nf3 Nc6 5. Nbd2 e6 6. c3 Bd6 7. Bg3 0-0 8. Bd3 b6 9. Qe2 Bb7 10. Rd1 Re8 11. e4 Be7 12. e5 Nh5 13. a3 a5 14. h4 Nxg3 15. fxg3 cxd4 16. cxd4 Rf8 17. Nf1 Qd7 18. Ne3 f5 19. g4 f4 20. Nc2 Qc8 21. 0-0 Ba6 22. Nce1 h6 23. Bxa6 Qxa6 24. Qxa6 Rxa6 25. Rc1 Rc8 26. h5 Raa8 27. Nd3 Bg5 28. Rc3 Ne7 29. Rfc1 Rxc3 30. Rxc3 Rc8 31. Rxc8+ Nxc8 32. Nf2 Na7 33. Nh3 Nc6 34. Kf1 a4 35. Nhxg5 hxg5 36. Ke2 Na5 37. Nxg5 Nc4 38. Nxe6 b5 39. Nxf4 Nxb2 40. Nxd5 Nc4 41. Nc3 Nxa3 42. Kd3 Kf7 43. g5 Nc4 44. Nxb5 Nb2+ 45. Kc2 1-0

[Event "Pardubice Czech op-A 32nd"]
[Site "Pardubice"]
[Date "2021.07.29"]
[Round "7"]
[White "Dovzhenko, Viktor"]
[Black "Kardoeus, David"]
[Result "0-1"]
[WhiteElo "2069"]
[BlackElo "2188"]
[PlyCount "102"]
[EventDate "2021.07.23"]
[EventType "swiss"]
[EventRounds "9"]
[EventCountry "CZE"]
[SourceTitle "EXT 2022"]
[Source "ChessBase"]
[SourceDate "2021.10.06"]
[SourceVersion "1"]
[SourceVersionDate "2021.10.06"]
[SourceQuality "1"]

1. e4 c5 2. Nf3 d6 3. d4 cxd4 4. Qxd4 Nc6 5. Qe3 Nf6 6. Be2 e6 7. h3 Be7 8. 0-0 0-0 9. c4 Qc7 10. a3 b6 11. Nc3 Ba6 12. Nb5 Qb7 13. b4 Ne5 14. Bb2 Bxb5 15. cxb5 Qxe4 16. Qxe4 Nxe4 17. Nxe5 dxe5 18. Bxe5 Rac8 19. Rac1 Bf6 20. Bxf6 gxf6 21. Rc6 Nc3 22. Bd3 Nd5 23. Rfc1 Rcd8 24. Bc4 Nf4 25. Rc7 Rd2 26. Bf1 Rfd8 27. g3 Ng6 28. Rxa7 Ra2 29. Bc4 Rb2 30. Rc7 Rdd2 31. Rf1 Ne5 32. Kg2 Rdc2 33. Rc8+ Kg7 34. Bxe6 fxe6 35. Rxc2 Rxc2 36. Rd1 Nc4 37. Rd4 e5 38. Rd7+ Kg6 39. a4 e4 40. Kf1 Rb2 41. a5 bxa5 42. bxa5 Nxa5 43. Rd5 f5 44. g4 f4 45. h4 Nc4 46. Rg5+ Kh6 47. Rh5+ Kg7 48. Rg5+ Kh8 49. Rf5 e3 50. Rxf4 e2+ 51. Ke1 Ne5 0-1

[Event "Pardubice Czech op-A 32nd"]
[Site "Pardubice"]
[Date "2021.07.28"]
[Round "6"]
[White "Kardoeus, David"]
[Black "Jurcik, Marian"]
[Result "0-1"]
[WhiteElo "2188"]
[BlackElo "2422"]
[PlyCount "74"]
[EventDate "2021.07.23"]
[EventType "swiss"]
[EventRounds "9"]
[EventCountry "CZE"]
[SourceTitle "CBM 203 Extra"]
[Source "ChessBase"]
[SourceDate "2021.09.30"]
[SourceVersion "1"]
[SourceVersionDate "2021.09.30"]
[SourceQuality "1"]

1. e4 c6 2. d4 d5 3. e5 c5 4. dxc5 e6 5. a3 Bxc5 6. b4 Bb6 7. Qg4 Ne7 8. Qxg7 Rg8 9. Qxh7 Bd4 10. Ra2 Bxe5 11. Nf3 Bf6 12. h4 Rg7 13. Qh6 Nd7 14. Bb5 Rg6 15. Qf4 e5 16. Qh2 Qb6 17. c4 a6 18. Ba4 Rg4 19. c5 Qe6 20. Re2 Qf5 21. Nxe5 Qxb1 22. 0-0 Rxh4 23. Nxd7 Rxh2 24. Nxf6+ Kf8 25. Kxh2 Qg6 26. Bb2 Be6 27. f4 d4 28. Bxd4 Nf5 29. Be5 Ng3 30. Rff2 Nxe2 31. Rxe2 Rd8 32. g4 Qh6+ 33. Kg2 Rd3 34. Nh5 Qg6 35. Bg7+ Kg8 36. Kh2 Rh3+ 37. Kg1 Rxh5 0-1

[Event "Pardubice Czech op-A 32nd"]
[Site "Pardubice"]
[Date "2021.07.27"]
[Round "5"]
[White "Dann, Matthias"]
[Black "Kardoeus, David"]
[Result "1/2-1/2"]
[WhiteElo "2508"]
[BlackElo "2188"]
[PlyCount "79"]
[EventDate "2021.07.23"]
[EventType "swiss"]
[EventRounds "9"]
[EventCountry "CZE"]
[SourceTitle "CBM 203 Extra"]
[Source "ChessBase"]
[SourceDate "2021.09.30"]
[SourceVersion "1"]
[SourceVersionDate "2021.09.30"]
[SourceQuality "1"]

1. e4 c5 2. Nf3 Nc6 3. d4 cxd4 4. Nxd4 Nf6 5. Nc3 e5 6. Ndb5 d6 7. Bg5 a6 8. Na3 b5 9. Nd5 Be7 10. Bxf6 Bxf6 11. c3 0-0 12. Nc2 Bg5 13. a4 bxa4 14. Rxa4 a5 15. Bc4 Rb8 16. b3 Kh8 17. Nce3 Bxe3 18. Nxe3 Ne7 19. 0-0 f5 20. exf5 Nxf5 21. Nxf5 Bxf5 22. Qd2 Bd7 23. Ra3 Bb5 24. Bxb5 Rxb5 25. c4 Rb4 26. Qd5 Qb6 27. g3 h6 28. Rxa5 Rxb3 29. Rb5 Rxb5 30. cxb5 e4 31. Kg2 e3 32. fxe3 Rxf1 33. Kxf1 Qxe3 34. Qc6 Qd2 35. Qe8+ Kh7 36. Qe4+ Kg8 37. Qe8+ Kh7 38. Qe4+ Kg8 39. Qe8+ Kh7 40. Qe4+ 1/2-1/2

[Event "Bremen CD Meyer Memorial"]
[Site "Bremen"]
[Date "2020.10.17"]
[Round "8"]
[White "Kardoeus, David"]
[Black "Schulze, Lara"]
[Result "1-0"]
[WhiteElo "2172"]
[BlackElo "2314"]
[PlyCount "139"]
[EventDate "2020.10.10"]
[EventType "swiss"]
[EventRounds "9"]
[EventCountry "GER"]
[SourceTitle "CBM 198 Extra"]
[Source "ChessBase"]
[SourceDate "2020.11.30"]
[SourceVersion "1"]
[SourceVersionDate "2020.11.30"]
[SourceQuality "1"]

1. e4 e6 2. d4 d5 3. Nd2 c5 4. exd5 Qxd5 5. Ngf3 cxd4 6. Bc4 Qd7 7. 0-0 Nc6 8. Nb3 a6 9. Nbxd4 Nxd4 10. Nxd4 Qc7 11. Qe2 Bd6 12. Nf5 Bxh2+ 13. Kh1 Be5 14. Re1 g6 15. Qxe5 Qxe5 16. Rxe5 gxf5 17. Rc5 Bd7 18. b3 Ne7 19. Rc7 b5 20. Bb2 Kd8 21. Rc5 Rg8 22. Bf1 Rc8 23. Bd4 Rg4 24. c3 Rxc5 25. Bxc5 Nc6 26. b4 Ne5 27. Rd1 Nc4 28. f3 Rh4+ 29. Kg1 Kc7 30. Bf2 Rh6 31. Bg3+ e5 32. Bxc4 bxc4 33. Bxe5+ Kc8 34. Rd4 Rc6 35. a4 Be6 36. Kf2 Kb7 37. Rh4 Rc8 38. Rxh7 Rd8 39. Bd4 Rg8 40. b5 axb5 41. axb5 Ra8 42. Ke3 Rg8 43. Rh2 Bd7 44. b6 Re8+ 45. Kf2 Ra8 46. Rh7 Be6 47. Rg7 Kc6 48. Ke3 Kd5 49. Kf4 Rd8 50. Rh7 Rg8 51. g3 Kc6 52. Rh2 Kb7 53. Rg2 Bd5 54. Ra2 Ra8 55. Rf2 Rg8 56. Ke5 Be6 57. Rg2 Rd8 58. g4 fxg4 59. fxg4 Re8 60. Kf6 Rg8 61. g5 Bd5 62. Ra2 Rg6+ 63. Kf5 Be6+ 64. Kf4 Bd5 65. Ra7+ Kc8 66. Bf6 Bb7 67. Ra4 Bd5 68. Ke5 Be6 69. Ra7 Rg8 70. Ra8+ 1-0

[Event "Bremen CD Meyer Memorial"]
[Site "Bremen"]
[Date "2020.10.15"]
[Round "6"]
[White "Colbow, Collin"]
[Black "Kardoeus, David"]
[Result "1-0"]
[WhiteElo "2247"]
[BlackElo "2172"]
[PlyCount "95"]
[EventDate "2020.10.10"]
[EventType "swiss"]
[EventRounds "9"]
[EventCountry "GER"]
[SourceTitle "CBM 198 Extra"]
[Source "ChessBase"]
[SourceDate "2020.11.30"]
[SourceVersion "1"]
[SourceVersionDate "2020.11.30"]
[SourceQuality "1"]

1. e4 c5 2. Nf3 Nc6 3. d4 cxd4 4. Nxd4 Nf6 5. Nc3 e5 6. Ndb5 d6 7. Bg5 a6 8. Na3 b5 9. Bxf6 gxf6 10. Nd5 f5 11. g3 Bg7 12. Bg2 fxe4 13. Bxe4 0-0 14. Ne3 Qc7 15. Qh5 f5 16. Nxf5 Bf6 17. Rd1 Ra7 18. c3 b4 19. Nc4 bxc3 20. bxc3 Na5 21. Bd5+ Kh8 22. Nfxd6 Nxc4 23. Bxc4 Qg7 24. Nxc8 Rxc8 25. Be6 Rf8 26. 0-0 e4 27. c4 Re7 28. Qg4 Bg5 29. Rde1 e3 30. fxe3 Bxe3+ 31. Kg2 Rxf1 32. Rxf1 Qxg4 33. Bxg4 Rb7 34. Re1 Rb2+ 35. Kf3 Bd2 36. Re2 Rxa2 37. Ke4 Ra4 38. Rxd2 Rxc4+ 39. Kf5 a5 40. Rd7 Rc5+ 41. Kf6 Rc6+ 42. Be6 h5 43. Ra7 h4 44. Rxa5 Rc7 45. Ra8+ Kh7 46. Bf5+ Kh6 47. Rh8+ Rh7 48. Rxh7# 1-0

[Event "Innsbruck op 4th"]
[Site "Innsbruck"]
[Date "2020.08.23"]
[Round "3"]
[White "David, Alberto"]
[Black "Kardoeus, David"]
[Result "1-0"]
[WhiteElo "2520"]
[BlackElo "2197"]
[PlyCount "57"]
[EventDate "2020.08.22"]
[EventType "swiss"]
[EventRounds "9"]
[EventCountry "AUT"]
[SourceTitle "CBM 198 Extra"]
[Source "ChessBase"]
[SourceDate "2020.11.30"]
[SourceVersion "1"]
[SourceVersionDate "2020.11.30"]
[SourceQuality "1"]

1. e4 c5 2. Nf3 Nc6 3. Bb5 g6 4. 0-0 Bg7 5. c3 Nf6 6. Re1 0-0 7. h3 b6 8. d4 cxd4 9. cxd4 a6 10. Bd3 Nb4 11. e5 Ne8 12. Be4 Ra7 13. d5 a5 14. Nc3 d6 15. a3 Na6 16. Nb5 Rb7 17. Bf4 Nc5 18. Bc2 dxe5 19. Nxe5 Bxe5 20. Rxe5 Rd7 21. b4 axb4 22. axb4 Na6 23. Qe1 Rxd5 24. Bb3 Rxe5 25. Bxe5 Qd3 26. Nd4 Bb7 27. Ra3 Bd5 28. Nc6 Qe4 29. Nxe7# 1-0

[Event "Staufer op 32nd"]
[Site "Schwaebisch Gmuend"]
[Date "2020.01.05"]
[Round "7"]
[White "Kardoeus, David"]
[Black "Lagunow, Raphael"]
[Result "1-0"]
[WhiteElo "2155"]
[BlackElo "2422"]
[PlyCount "53"]
[EventDate "2020.01.02"]
[EventType "swiss"]
[EventRounds "9"]
[EventCountry "GER"]
[SourceTitle "CBM 194 Extra"]
[Source "ChessBase"]
[SourceDate "2020.03.31"]
[SourceVersion "1"]
[SourceVersionDate "2020.03.31"]
[SourceQuality "1"]

1. e4 c5 2. Nf3 Nc6 3. d4 cxd4 4. Nxd4 Nf6 5. Nc3 e5 6. Ndb5 d6 7. Bg5 a6 8. Na3 b5 9. Nd5 Be7 10. Bxf6 Bxf6 11. c3 Bg5 12. Nc2 Rb8 13. g3 0-0 14. a3 a5 15. b4 Ne7 16. Nce3 Nxd5 17. Nxd5 Be6 18. Bg2 Bxd5 19. Qxd5 Qc7 20. 0-0 Qxc3 21. bxa5 Qxa5 22. Rfb1 Qc3 23. Bf1 b4 24. axb4 Rxb4 25. Rxb4 Qxb4 26. Bc4 Qc5 27. Qxf7+ 1-0

[Event "GER-ch U25-A"]
[Site "Willingen"]
[Date "2019.06.10"]
[Round "3"]
[White "Parvanyan, Alfred"]
[Black "Kardoeus, David"]
[Result "1/2-1/2"]
[WhiteElo "2066"]
[BlackElo "2202"]
[PlyCount "114"]
[EventDate "2019.06.08"]
[EventType "swiss"]
[EventRounds "9"]
[EventCountry "GER"]
[SourceTitle "CBM 191 Extra"]
[Source "ChessBase"]
[SourceDate "2019.09.30"]
[SourceVersion "1"]
[SourceVersionDate "2019.09.30"]
[SourceQuality "1"]

1. g3 Nf6 2. Bg2 g6 3. e4 d6 4. d4 Bg7 5. Ne2 0-0 6. 0-0 e5 7. Nbc3 Nc6 8. dxe5 dxe5 9. Be3 b6 10. Qxd8 Nxd8 11. Rfd1 c6 12. a4 Ng4 13. Bc1 a5 14. h3 Nf6 15. Be3 Nd7 16. Rd6 Nc5 17. Rad1 Be6 18. f4 f6 19. Nc1 Re8 20. Bxc5 bxc5 21. Nd3 c4 22. Nc5 Bf8 23. Nxe6 Bxd6 24. Rxd6 Rxe6 25. Rd7 Nf7 26. Bf1 Rd6 27. Rc7 Rd4 28. Rxc6 Nd6 29. Nb5 Nxb5 30. axb5 Rxe4 31. Bxc4+ Kh8 32. b6 Rb8 33. Ba6 Rb4 34. b7 Kg7 35. Rc8 R8xb7 36. Bxb7 Rxb7 37. fxe5 fxe5 38. b3 Rf7 39. Rc5 Kf6 40. Kf2 Ra7 41. Rc4 Rd7 42. Ke2 Kf5 43. Ra4 Rc7 44. Kd3 Rd7+ 45. Ke3 Rc7 46. c4 Rc5 47. Ra1 h5 48. Rf1+ Kg5 49. Kd3 Rc8 50. Ra1 Rc5 51. Ke4 h4 52. g4 Kf6 53. Rf1+ Kg5 54. Ra1 Kf6 55. Rf1+ Kg5 56. Ra1 Kf6 57. Rf1+ Kg5 1/2-1/2

[Event "GER-ch 37th"]
[Site "Magdeburg"]
[Date "2019.06.01"]
[Round "9"]
[White "Adiyaman, Rene"]
[Black "Kardoeus, David"]
[Result "0-1"]
[WhiteElo "2175"]
[BlackElo "2202"]
[PlyCount "124"]
[EventDate "2019.05.26"]
[EventType "swiss"]
[EventRounds "9"]
[EventCountry "GER"]
[SourceTitle "CBM 190 Extra"]
[Source "ChessBase"]
[SourceDate "2019.07.15"]
[SourceVersion "1"]
[SourceVersionDate "2019.07.15"]
[SourceQuality "1"]

1. e4 c5 2. c3 Nf6 3. e5 Nd5 4. Nf3 Nc6 5. d4 cxd4 6. cxd4 d6 7. Bc4 dxe5 8. Bxd5 Qxd5 9. Nc3 Qd6 10. d5 Nd4 11. Nxd4 exd4 12. Qxd4 e5 13. Qd3 Bd7 14. 0-0 Be7 15. f4 0-0 16. fxe5 Qxe5 17. Bf4 Qf5 18. Qxf5 Bxf5 19. d6 Bd8 20. Rad1 f6 21. Nd5 Bg4 22. Rd2 Kf7 23. a3 Rc8 24. h3 Bd7 25. Nc7 h6 26. Rc1 f5 27. Re2 g5 28. Bd2 f4 29. Rce1 Bxc7 30. Re7+ Kg6 31. Rxd7 Bb6+ 32. Kh2 Rc2 33. Re2 Be3 34. Rxe3 fxe3 35. Bxe3 Rf7 36. Rxf7 Kxf7 37. Bxa7 Ke6 38. Bd4 h5 39. Kg3 Rd2 40. Be3 Rd3 41. Kf2 Rd5 42. b4 Kxd6 43. a4 Ke6 44. Kf3 Rd3 45. Ke2 Rb3 46. Bxg5 Rxb4 47. a5 Rb3 48. Be3 Kf5 49. Bb6 Ke4 50. Kf2 h4 51. Bd8 Rb2+ 52. Kg1 Ra2 53. Kh2 Kd3 54. Bxh4 Rxa5 55. Kg3 b5 56. Kf3 Ra7 57. g4 Rf7+ 58. Kg2 b4 59. Bg3 Ke4 60. Be1 b3 61. Bc3 Rc7 62. Bh8 Kf4 0-1